Qué pasa en América Latina?: realidad política y económica de nuestra región
Guardat en:
| Autors principals: | , |
|---|---|
| Format: | Llibre |
| Idioma: | espanyol |
| Publicat: |
Santiago
Andrés Bello
2008
|
| Matèries: | |
| Etiquetes: |
Afegir etiqueta
Sense etiquetes, Sigues el primer a etiquetar aquest registre!
|
MARC
| LEADER | 00000nam a2200000 a 4500 | ||
|---|---|---|---|
| 001 | UCH2481 | ||
| 003 | CL-VaPUC | ||
| 008 | 090618e20080000CL |||||||||||||||||spa|d | ||
| 020 | |a 9789561319707 | ||
| 082 | 0 | 4 | |a 320.998 |b ROD |2 21 |
| 100 | |a Rodríguez Elizondo, José |e autor |9 331463 | ||
| 700 | 0 | |a Casanueva, Héctor |e author |9 537324 | |
| 245 | 1 | 0 | |a Qué pasa en América Latina?: realidad política y económica de nuestra región |
| 300 | |a 411 p | ||
| 942 | |c BK | ||
| 945 | |d 20090618 00:00:00 |a rbrito | ||
| 260 | |a Santiago |b Andrés Bello |c 2008 | ||
| 650 | 0 | |a Política |9 255312 | |
| 650 | 0 | |a Democracia |9 255256 | |
| 650 | 0 | |a Cooperación internacional |9 255447 | |
| 650 | 0 | |a Geopolítica |9 313921 | |
| 650 | 7 | |a COMERCIO INTERNACIONAL |2 CL-VaPUC |9 537325 | |
| 651 | 0 | |a América Latina |9 255027 | |
| 583 | |a last modification |c 20090618 00:00:00 |k Rodrigo Vera | ||
| 999 | |c 334212 |d 334210 | ||
| 952 | |0 0 |1 0 |4 0 |6 320_998000000000000_ROD_2008 |7 0 |8 A |9 423069 |a BIBHIS |b BIBHIS |d 2019-11-22 |i 4561767 |o 320.998 ROD 2008 |p 4561767 |r 2025-01-20 |w 2019-11-22 |y BK |k HIS | ||